[Event "Rilton Cup 48th"]
[Site "Stockholm"]
[Date "2018.12.27"]
[Round "1"]
[White "Percivaldi, Martin"]
[Black "Alvarez Serrano, Carlos"]
[Result "1/2-1/2"]
[WhiteElo "2393"]
[BlackElo "2202"]
[PlyCount "66"]
[EventDate "2018.12.27"]
[EventType "swiss"]
[EventRounds "9"]
[EventCountry "SWE"]
[SourceTitle "CBM 188 Extra"]
[Source "ChessBase"]
[SourceDate "2019.02.26"]
[SourceVersion "1"]
[SourceVersionDate "2019.02.26"]
[SourceQuality "1"]

1. Nf3 Nf6 2. g3 d5 3. Bg2 Bg4 4. h3 Bh5 5. 0-0 Nbd7 6. d4 e6 7. c4 c6 8. cxd5 exd5 9. Qb3 Qb6 10. Qe3+ Be7 11. Nh4 Bg6 12. Nc3 Kf8 13. Nxg6+ hxg6 14. Qd3 Re8 15. Rb1 Kg8 16. b4 a6 17. a4 Bxb4 18. Na2 a5 19. Nxb4 axb4 20. Ba3 c5 21. dxc5 Nxc5 22. Qc2 Na6 23. Bxb4 Nxb4 24. Qd2 Qa6 25. Qxb4 Rxe2 26. Rfc1 Ne4 27. Bxe4 Rxe4 28. Qxb7 Qxa4 29. Rc7 Qd4 30. Rc8+ Kh7 31. Rxh8+ Kxh8 32. Qxf7 Kh7 33. h4 Rxh4 1/2-1/2

[Event "ESP-ch rapid"]
[Site "Linares"]
[Date "2018.08.19"]
[Round "5"]
[White "Blanco Acevedo, Cristobal Jose"]
[Black "Alvarez Serrano, Carlos"]
[Result "1-0"]
[WhiteElo "2362"]
[BlackElo "2225"]
[PlyCount "59"]
[EventDate "2018.08.19"]
[EventType "swiss (rapid)"]
[EventRounds "9"]
[EventCountry "ESP"]
[SourceTitle "CBM 186 Extra"]
[Source "ChessBase"]
[SourceDate "2018.08.24"]
[SourceVersion "1"]
[SourceVersionDate "2018.08.24"]
[SourceQuality "1"]

1. g3 Nf6 2. Bg2 d5 3. c4 e6 4. Nf3 Be7 5. 0-0 0-0 6. b3 d4 7. d3 c5 8. e4 Nc6 9. e5 Nd7 10. Re1 f6 11. exf6 Nxf6 12. Nbd2 Qc7 13. Ng5 e5 14. Nde4 Nxe4 15. Bxe4 Bxg5 16. Bxg5 Bf5 17. Bd5+ Kh8 18. a3 Rae8 19. Ra2 Be6 20. Bg2 Qf7 21. Rf1 Bf5 22. f4 Qg6 23. Rd2 e4 24. g4 Bxg4 25. Qxg4 h6 26. Bxe4 Rxe4 27. dxe4 hxg5 28. f5 Qf6 29. Rg2 Re8 30. Qh5+ 1-0

[Event "ESP-ch rapid"]
[Site "Linares"]
[Date "2018.08.19"]
[Round "9"]
[White "Diaz Rodriguez, Jose Antonio"]
[Black "Alvarez Serrano, Carlos"]
[Result "0-1"]
[WhiteElo "1991"]
[BlackElo "2225"]
[PlyCount "73"]
[EventDate "2018.08.19"]
[EventType "swiss (rapid)"]
[EventRounds "9"]
[EventCountry "ESP"]
[SourceTitle "CBM 186 Extra"]
[Source "ChessBase"]
[SourceDate "2018.08.24"]
[SourceVersion "1"]
[SourceVersionDate "2018.08.24"]
[SourceQuality "1"]

1. e4 c5 2. Nf3 d6 3. c3 Nf6 4. h3 Bd7 5. Bd3 Bc6 6. Qe2 Nbd7 7. 0-0 g6 8. Bc2 e5 9. d4 b6 10. dxe5 dxe5 11. Rd1 Qc7 12. Bg5 Bg7 13. Nbd2 0-0 14. Qe3 Rad8 15. Nf1 Qb7 16. Ng3 c4 17. Rd6 Rc8 18. Rad1 Ne8 19. R6d2 Nc5 20. Bh6 f6 21. Bxg7 Kxg7 22. b3 cxb3 23. axb3 Nc7 24. b4 N5e6 25. Bb3 Rcd8 26. Rd6 Rxd6 27. Rxd6 Nf4 28. Qd2 Nb5 29. Rd8 Qe7 30. Rxf8 Qxf8 31. Nh4 Kh8 32. Bd5 Qd6 33. c4 Nd4 34. b5 Bd7 35. Qa2 g5 36. Nhf5 Bxf5 37. Nxf5 0-1